000 01189nam a22001817a 4500
999 _c1134
_d1134
005 20211026143435.0
008 211026b ||||| |||| 00| 0 eng d
020 _a9781471828874
040 _cKH8
082 _a570 JON
100 _aJones, Mary
_eauthor
245 _aCambridge international as/a level biology revision guide /
_cMary Jones
260 _bHodder Education,
_c2015.
505 _aAS: topics1: Cell structure2: Biological molecules3: Enzymes4: Cell membranes and transport5: The mitotic cell cycle6: Nucleic acids and protein synthesis7: Transport in plants8: Transport in mammals9: Gas exchange and smoking10: Infectious disease11: ImmunityAS: experimental skills and investigationsAS: exam-style questions and answersA level: topics12: Energy and respiration13: Photosynthesis14: Homeostasis15: Control and coordination16: Inherited change17: Selection and evolution18: Biodiversity, classification and conservation19: Genetic technologyA level: experimental skills and investigationsA level: exam-style questions and answersNow test yourself: answers
650 _aBiology -- Examinations -- Study guides.
650 _aBiology -- Examinations.
942 _2ddc
_cNFIC